| 000 | 00770namaa2200277 a 4500 | ||
|---|---|---|---|
| 001 | vtls001304203 | ||
| 003 | NLI | ||
| 005 | 20210627043903.0 | ||
| 008 | 120418s1980 dcu i000 0 eng | ||
| 039 | 9 |
_y201204181931 _zVLOAD |
|
| 040 | 0 |
_aNLI _cVTLS-2012_FOD _eAACR2 |
|
| 041 | 0 | _aeng | |
| 044 | _adcu | ||
| 082 | 0 | 4 | _a669.722 |
| 110 | 1 |
_aUnited States. _bDepartment of the Interior |
|
| 245 | 1 | 0 |
_aConsumption by end use : _baluminum |
| 260 |
_aWashington : _bUnited States Department of the interior, _c1980 |
||
| 300 |
_aVarious pagings ; _c27 cm. |
||
| 500 | _aCover title | ||
| 650 | 0 |
_aAluminum _9716912 |
|
| 650 | 0 |
_aMIcrostructure _9725404 |
|
| 887 | _a | ||
| 901 |
_aAD 116676 _b22.10.2010 |
||
| 902 | _aU.S 669.722 Un 3 c | ||
| 942 |
_2ddc _cBKS |
||
| 999 |
_c596156 _d596156 |
||